Perintah-perintah am dan arahan pentadbiran : (Hingga 20hb ogos 2003)

Bibliographic Details
Format: Book
Published: Kuala lumpur : ILBS , 2003
Subjects:

MARC

LEADER 00000cam a2200000 7i4500
001 0000014028
005 20050625.0
020 |a 9678914166 
040 |a INS 
090 0 0 |a JQ716   |b M236 2003 
245 1 0 |a Perintah-perintah am dan arahan pentadbiran :   |b (Hingga 20hb ogos 2003)   |c disusun oleh Lembaga Penyelidikan Undang-undang 
260 |a Kuala lumpur :   |b ILBS ,   |c 2003 
300 |a 723p ;   |c 24 cm. 
650 0 0 |a Administrative agencies   |x Malaysia   |y Rules & practice 
650 0 0 |a Administrative procedure   |x Malaysia 
650 0 0 |a Civil service   |x Malaysia   |y Ethics 
999 |a 0000014265   |b BOOK   |c Open Shelf   |e Default branch 
999 |a 0000014266   |b BOOK   |c Open Shelf   |e Default branch 
999 |a 0000014267   |b BOOK   |c Open Shelf   |e Default branch 
999 |a 0000014268   |b BOOK   |c Open Shelf   |e Default branch 
999 |a 0000014269   |b BOOK   |c Open Shelf   |e Default branch 
999 |a 0000014270   |b BOOK   |c Open Shelf   |e Default branch 
999 |a 0000014271   |b BOOK   |c Open Shelf   |e Default branch 
999 |a 0000014272   |b BOOK   |c Open Shelf   |e Default branch 
999 |a 0000014273   |b BOOK   |c Open Shelf   |e Default branch 
999 |a 0000014274   |b BOOK   |c Open Shelf   |e Default branch